| 000 | 01238cam a2200313 i 4500 | ||
|---|---|---|---|
| 001 | 17854316 | ||
| 003 | EG-ScBUE | ||
| 005 | 20241016134904.0 | ||
| 008 | 130815t2013 pau f b 001 0 eng d | ||
| 020 | _a9781611973136 | ||
| 040 |
_aDLC _beng _erda _cDLC _dDLC _dEG-ScBUE |
||
| 082 | 0 | 4 |
_a515.392 _bAVR _222 |
| 100 | 1 |
_aAvrachenkov, Konstantin, _eauthor. _938361 |
|
| 245 | 1 | 0 |
_aAnalytic perturbation theory and its applications / _cKonstantin E. Avrachenkov, Inria Sophia Antipolis, Sophia Antipolis, France, Jerzy A. Filar, Flinders University, Adelaide, Australia, Phil G. Howlett, University of South Australia, Adelaide, Australia. |
| 264 | 1 |
_aPhiladelphia : _bSociety for Industrial and Applied Mathematics, _c[2013] |
|
| 264 | 4 | _cc2013 | |
| 300 |
_axii, 372 pages ; _c26 cm |
||
| 336 |
_2rdacontent _atext _btxt |
||
| 337 |
_aunmediated _2rdamedia _bn |
||
| 338 |
_avolume _bnc _2rdacarrier |
||
| 504 | _aIncludes bibliographical references and index. | ||
| 650 | 7 |
_aPerturbation (Mathematics) _2BUEsh _936431 |
|
| 651 | _2BUEsh | ||
| 653 |
_bENGGEN _cAugust2015 |
||
| 655 |
_vReading book _934232 |
||
| 700 | 1 |
_aFilar, Jerzy A., _d1949- _eauthor. |
|
| 700 | 1 |
_aHowlett, P. G. _q(Philip G.), _d1944- _eauthor. |
|
| 942 |
_2ddc _cBB |
||
| 999 |
_c20558 _d20530 |
||